04256cam a2200361 i 4500001001000000003001000010005001700020007000300037008004100040020001500081040007700096041000800173082002300181100002900204245005900233264006500292264001200357300002800369336002800397337003400425338002900459490002800488504007400516505189000590520115502480563001503635630004603650830002803696942000703724945001203731952013403743999001703877768714001CO-MdFUSB20220630124921.0ta080923t2009 enk b 001 0 eng  a0521866316 aDLCbengcCO-MdFUSBdBTCTAdYDXCPdUKMdC#PdBWXdCDXdOrLoB-BdLMLerda aeng 223a222.1106bM6871 aMoberly, R. W. L.eautor14aThe theology of the book of Genesis /cR.W.L. Moberly. 1aCambridge ;aNew York :bCambridge University Press,c[2009] 4c© 2009 a272 páginas ;c23 cm. atextobtxt2rdacontent. asin mediaciónbn2rdamedia. avolumenbnc2rdacarrier.1 aOld Testament theology. aIncluye referencias bibliográficas (páginas 247-252) e índices.0 a¿Qué es una "teología de Génesis"? -- Hacia una "teología del Génesis" -- El carácter cuestionado de la "teología" -- Crítica histórica y conocimiento socialmente valorado -- Texto y contextos: un ejemplo -- Sobre la lectura de Génesis 1-11 -- Convenciones literarias y interpretación teológica -- Génesis 1 : representando el mundo -- Una primera lectura de Génesis 1 -- Génesis 1 en relación con su posible contexto compositivo -- Génesis 1 en relación con imágenes antiguas alternativas -- Lectura de Jon D. Levenson de Génesis 1 - - Génesis 1 y biología evolutiva -- Génesis 1 y cuadros alternativos del mundo : una propuesta -- Génesis 2-3 : Adán y Eva y "la caída" -- James Barr sobre Génesis 2-3 -- Una versión reformulada del interpretación "tradicional" -- ¿Es un gnóstico precedido ¿No es un buen precedente? -- Identificar el tema clave -- Releer la narración -- Génesis 4 : Caín y Abel -- Exposición de la interpretación de Regina M. Schwartz -- Una lectura teológica de Caín y Abel -- Conclusión: Hacer el bien en circunstancias exigentes -- Génesis 6-9 : cataclismo y gracia -- Reflexiones sobre algunos enfoques modernos característicos -- Crítica del Pentateuco y estrategia de lectura -- El diluvio en Génesis y la epopeya de Gilgamesh -- Una ansiedad posmoderna característica -- Hacia una interpretación teológica de la narración del diluvio -- La combinación de Génesis 6:5 con 8:21 -- La cláusula del mal pensamiento en Génesis 8:21 -- La narrativa de José en el análisis de Gerhard von Rad -- Análisis del relato de Von Rad -- Replantear elementos clave en la hipótesis de la "iluminación salomónica" -- Replantear la narrativa de José en relación con Proverbios -- El trato de José a sus hermanos -- Soberanía divina y la actividad humana.1 a"El libro de Génesis contiene material fundamental para la teología judía y cristiana, tanto histórica como contemporánea, y es casi seguro que es el libro del Antiguo Testamento más consultado en la cultura contemporánea. The Theology of the Book of Genesis de RWL Moberly examina el uso real que se hace de Génesis en los debates actuales, no solo en contextos académicos sino también populares. Temas tradicionales como la creación y la Caída se encuentran junto a temas más recientes como la violencia religiosa y el sionismo cristiano. La preocupación de Moberly, aclarada a través de una combinación de lecturas detalladas y discusiones de principios hermenéuticos. - es descubrir lo que constituye una comprensión y un uso inteligentes del Génesis, a través de una consideración de su significado intrínseco como texto antiguo (tanto en versiones hebrea como griega) en diálogo con su recepción y apropiación tanto en el pasado como en el presente. Moberly busca habilitar teología responsable conciencia y uso del texto antiguo hoy, destacando el perseverancia de Génesis trascendencia".  aPasta dura 0aBiblia.pGénesisxTeología cristiana. 0aOld Testament theology. cBK aJTF-925 00102ddc40708GENaFUSBCbFUSBCd2022-04-04l0oG 222.1106 M687tp21841r2022-04-04 00:00:00tEj.1w2022-04-04yBKk1IINV2023 c67658d67658